Responses for Show #4113 - Wednesday, June 19, 2002

Contestants

[<< previous game]

Meagan Shelton, a college student from Durant, Oklahoma

Kirik Arata, a lead enrollment representative from Fair Oaks, California

Erin McGrew Herndon, an actor and musician from Rockwall, Texas (whose 1-day cash winnings total $29,000)

[next game >>]

Jeopardy! Round responses

WORLD CAPITALS
FOOD & DRINK
FOOTBALL
TCHOTCHKES
RUSSIAN LITERATURE
WEST WORDS
    $200 6
Amsterdam

Erin
    $200 11
root beer

Meagan
    $200 1
the two-minute warning

Erin
    $200 25
candles

Erin
    $200 15
The Brothers Karamazov

Kirik
    $200 20
the Wicked Witch of the West

Meagan
    $400 7
(Kirik: What is Stockholm?)

Oslo

KirikMeagan
    $400 12
eggs

Meagan
    $400 2
Bubba Smith

Triple Stumper
    $400 26
a shaker

Meagan
    $400 16
(Meagan: What is The Cherry Tree?)

The Cherry Orchard

KirikMeagan
    $400 21
(Kirik: What is northeast?)

north by northwest

KirikMeagan
    $1,000 8
(Meagan: What is Buenos Aires?)
...
(Alex: Sorry. That is a likeness of Che Guevara who is closely associated with the revolution in Cuba. So that would be [*].)

Havana

Meagan
    $600 13
avocados

Erin
    $600 3
Astroturf

Erin
    $600 27
a snowglobe

Meagan
    $600 17
Doctor Zhivago

Kirik
    $600 22
Westminster Abbey

Meagan
    $800 9
(Meagan: What is Paris?)
...
(Alex: They're Polish.)

Warsaw

KirikMeagan
    $800 14
(Meagan: What are pork rinds?)

cracklings

Meagan
Triple Stumper
    $800 4
(Kirik: What is the NFL Championship?)
(Meagan: What is the NFL World Championship?)

the Pro Bowl

KirikMeagan
Triple Stumper
    $800 28
desk set

Erin
    $800 18
Tolstoy

Kirik
    $800 23
one flew over the cuckoo's nest

Erin
    $1000 10
(Erin: Who is George III?)

George II

ErinMeagan
    $1000 30
Blue Mountain Coffee

Triple Stumper
    $1000 5
Doug Williams

Triple Stumper
    $1000 29
(Meagan: What is Staffordshire?)
...
(Alex: I can't believe the writers get me to do this stuff.)

Meissen

Meagan
Triple Stumper
    $1000 19
Solzhenitsyn

Kirik
    $1000 24
Go west, young man

Meagan

Scores at the first commercial break (after clue 14):

Erin Kirik Meagan
$600 -$400 -$1,400

Scores at the end of the Jeopardy! Round:

Erin Kirik Meagan
$2,400 $2,200 $400

Double Jeopardy! Round responses

SPINAL TAP
STONEHENGE
TONIGHT I'M GONNA ROCK YOU TONIGHT
THIS ONE GOES TO 11
GIMME SOME MONEY
"HEL" HOLE
    $400 7
break your mother's back

Meagan
    $400 21
Merlin

Erin
    $400 2
Cleveland

Erin
    $400 26
Tony Blair

Meagan
    $400 1
peso

Kirik
    $400 12
helium

Kirik
    $800 8
ribs

Meagan
    $800 25
Druids

Meagan
    $800 3
The Who

Meagan
    $800 27
Apollo 11

Meagan
    $800 17
a franc

Kirik
    $800 13
"Helter Skelter"

Kirik
    $1200 9
a vertebra

Meagan
    $1200 24
(Alex: With a minute to go now.)

Salisbury Plain

Meagan
    $1200 4
Live Aid

Meagan
    $1200 28
(Erin: Who is Bolivar?)

Santa Anna

ErinKirik
    $1200 18
Andrew Jackson

Kirik
    $1200 14
Helsinki

Meagan
    $1600 10
(Meagan: What is the coccyx?)
(Erin: What is the hip bone?)

the pelvis

ErinMeagan
Triple Stumper
    $1600 23
Wales

Kirik
    $1600 5
Plant & Page

Kirik
    $1600 29
the Byzantine Empire

Meagan
    $1600 19
Julius Caesar

Meagan
    $1600 15
Hellraiser

Kirik
    $1,800 11
the lumbar

Meagan
    $2000 22
(Alex: The same word applies today to the piece across doorways. The [*], [*] stone.)

lintel

Triple Stumper
    $2,000 6
Live Dead

Kirik
    $2000 30
the Gregorian calendar

Erin
    $2000 20
(Erin: What is Kenya?)

the Republic of South Africa

Erin
Triple Stumper
    $2000 16
a hellion

Meagan

Scores at the end of the Double Jeopardy! Round:

Erin Kirik Meagan
$400 $13,800 $14,600

[wagering suggestions for these scores]

Final Jeopardy! Round responses

HISTORIC AMERICANS
ErinWho was Pasteur?
$300
KirikWho was Carver.
$0
MeaganWho is George Washington Carver?
$13,001
George Washington Carver

Final scores:

Erin Kirik Meagan
$100 $13,800 $27,601
3rd place: $1,000 2nd place: $2,000 New champion: $27,601

Game dynamics:

Coryat scores:

Erin Kirik Meagan
$400 $13,800 $15,800
10 R,
4 W
16 R
(including 1 DD),
3 W
24 R
(including 1 DD),
7 W
(including 1 DD)

Combined Coryat: $30,000

[game clues] [game scores] [suggest correction]

Game tape date: 2002-02-20
The J! Archive is created by fans, for fans. Scraping, republication, monetization, and malicious use prohibited; this site may use cookies and collect identifying information. See terms. The Jeopardy! game show and all elements thereof, including but not limited to copyright and trademark thereto, are the property of Jeopardy Productions, Inc. and are protected under law. This website is not affiliated with, sponsored by, or operated by Jeopardy Productions, Inc. Join the discussion at JBoard.tv.